000 00463nam a2200169Ia 4500
999 _c7
_d7
003 OSt
005 20210914105344.0
008 190216s9999||||xx |||||||||||||| ||und||
040 _coclc
082 _a297.122594812
_bMOU/Q
100 _aMoulavi, Ahammed
_98853
245 0 _aQuran Paribasha /
_cAhammed Moulavi
260 _bAnsari Press,
300 _a1722p
650 _aArabic
942 _cBK
_2ddc
_h297.122594812
_iMOU/Q
_k297.122594812
_mMOU/Q